[Event "FRA-ch (Women)"]
[Site "Bescanon"]
[Date "1999.08.27"]
[Round "10"]
[White "Flear, Christine"]
[Black "Franc, Nathalie"]
[Result "1-0"]
[WhiteElo "2232"]
[BlackElo "2085"]

1.d4 Nf6 2.Bg5 Ne4 3.Bf4 d5 4.e3 Bf5 5.c4 c6 6.Qb3 Qa5+ 7.Nc3 Nxc3 8.bxc3 Nd7
9.Nf3 e6 10.Be2 Qb6 11.c5 Qxb3 12.axb3 Be7 13.O-O O-O 14.b4 a6 15.Nd2 f6
16.g4 Bg6 17.Nb3 e5 18.Bg3 Bd8 19.b5 cxb5 20.Bxb5 Nb8 21.dxe5 Nc6 22.Bxc6 bxc6
23.Nd4 Be7 24.exf6 Bxf6 25.Nxc6 Rfc8 26.g5 Bxg5 27.Nd4 Bf6 28.Bd6 Kf7 29.Ra2 Be7
30.Rb2 Bxd6 31.cxd6 Rcb8 32.Rxb8 Rxb8 33.Nc6  1-0

[Event "Artek olJ"]
[Site "Artek"]
[Date "1999.09.10"]
[Round "1"]
[White "Szymanski, Marcin"]
[Black "Holmirzaev, B."]
[Result "1/2-1/2"]
[WhiteElo "2327"]
[BlackElo "2069"]

1.d4 Nf6 2.Bg5 Ne4 3.Bf4 d5 4.f3 Nf6 5.c4 e6 6.Nc3 c5 7.e3 cxd4 8.exd4 Bd6
9.Bxd6 Qxd6 10.c5 Qd8 11.f4 O-O 12.Bd3 b6 13.cxb6 Qxb6 14.Qd2 Ba6 15.Bxa6 Nxa6
16.Nge2 Rab8 17.Rb1 Rfd8 18.O-O Ne4 19.Qe3 f5 20.Rfc1 Qa5 21.Nxe4 dxe4 22.a3 Nc7
23.Qc3 Qxc3 24.bxc3 Rb6 25.Rxb6 axb6 26.c4 b5 27.c5 Ra8 28.Rc3 Kf7 29.Rb3 Ke7
30.Nc3 Ra5 31.Kf2 Kd7 32.g4 Kc6 33.g5 Nd5 34.Ne2 g6 35.Ke1 Ra4 36.Kd2 b4
37.axb4 Rxb4 38.Rxb4 Nxb4 39.Ke3 Kb5 40.Kd2 Kc4 41.Ke3 Nd5+  1/2-1/2

[Event "CRO-chT (Women)"]
[Site "Pula"]
[Date "1999.09.17"]
[Round "8"]
[White "Gladisheva, Tatjana"]
[Black "Mihalincic, Irena"]
[Result "1/2-1/2"]
[WhiteElo "2191"]
[BlackElo "2087"]

1.d4 Nf6 2.Bg5 Ne4 3.Bh4 d5 4.f3 Nd6 5.Nc3 c6 6.e4 Be6 7.Bf2 g6 8.e5 Nc4
9.Bxc4 dxc4 10.Nge2 Bg7 11.Nf4 Bd5 12.h4 h6 13.Ncxd5 cxd5 14.e6 Qd6 15.exf7+ Kxf7
16.Qd2 Nc6 17.O-O-O c3 18.bxc3 Na5 19.Ne2 Qa3+ 20.Kb1 Rac8 21.Ka1 Rc6 22.Rb1 Ra6
23.Nc1 Rc8 24.Rb3 Nxb3+ 25.cxb3 b5 26.Qb2 Qxb2+ 27.Kxb2 Rac6 28.Ne2 b4 29.Be1 bxc3+
30.Kc2 e5 31.Bf2 a5 32.Rd1 e4 33.fxe4 dxe4 34.d5 Rd6 35.Be1 Rd7 36.Bf2 a4
37.Be1 axb3+ 38.axb3 Ra7 39.Nc1 Be5 40.Bf2 Rd7 41.Be3 Kg7 42.Ne2 Rd6 43.b4 Ra6
44.Nc1 Bd6 45.Bd4+ Kf7 46.Rf1+ Ke7 47.Re1 Bxb4 48.Rxe4+ Kd7 49.Bg7 Bf8 50.Bxf8 Rxf8
51.Kxc3 Rc8+ 52.Rc4 Ra3+ 53.Kd4 Rxc4+ 54.Kxc4 Ra4+ 55.Kc5 Ra5+ 56.Kc4 Kd6
57.Nd3 Ra4+ 58.Nb4 Ra1 59.Nd3 Rh1 60.g3 Rg1 61.Nf2 Rg2 62.Ng4 h5 63.Nf6 Ke5
64.Nd7+ Kd6 65.Nf6 Re2 66.Kd4 Re1 67.Ne4+ Ke7 68.Ke5 Re3  1/2-1/2

[Event "Artek olJ"]
[Site "Artek"]
[Date "1999.09.20"]
[Round "9"]
[White "Rodionov, Adil"]
[Black "Tran Quoc Dung"]
[Result "0-1"]
[WhiteElo "2256"]
[BlackElo "2130"]

1.d4 Nf6 2.Bg5 Ne4 3.Bf4 d5 4.Nd2 Nxd2 5.Qxd2 e6 6.Nf3 c5 7.e3 Nc6 8.c3 b6
9.Bd3 Be7 10.O-O Bb7 11.Rfe1 O-O 12.Rad1 c4 13.Bb1 f5 14.Ne5 Nxe5 15.Bxe5 Bf6
16.Bxf6 Qxf6 17.f3 Qh4 18.Qf2 Qh5 19.Qg3 Rae8 20.Rd2 Rf6 21.Rf2 Ref8 22.Qe5 Qe8
23.Rfe2 Qf7 24.h3 h6 25.Rf2 b5 26.Kh2 Rc8 27.f4 Qd7 28.g4 Rf7 29.Rg1 Re8
30.Rfg2 Kf8 31.Rg3 a5 32.g5 hxg5 33.Rxg5 Qc7 34.Qxc7 Rxc7 35.Bc2 Bc6 36.Ra1 Rb8
37.Rag1 Be8 38.a3 g6 39.Kg3 Ke7 40.h4 Kf6 41.Rh1 Rcb7 42.Rh2 b4 43.Kh3 bxc3
44.bxc3 Rb2 45.Kg3 Ke7 46.Kh3 Kd6 47.a4 R8b6 48.Kg3 Kc7 49.Kh3 Kb7 50.Kg3 Ka6
51.Kh3 R6b3 52.Bxb3 Rxh2+ 53.Kxh2 cxb3 54.Kh1 Bxa4  0-1

[Event "Asia-ch U20"]
[Site "Vung Tau City"]
[Date "1999.09.20"]
[Round "7"]
[White "Liang Chong"]
[Black "Sashikiran, Krishnan"]
[Result "1/2-1/2"]
[WhiteElo "2412"]
[BlackElo "2536"]

1.d4 Nf6 2.Bg5 Ne4 3.Bf4 c5 4.f3 Qa5+ 5.c3 Nf6 6.Nd2 cxd4 7.Nb3 Qb6 8.Qxd4 Nc6
9.Qxb6 axb6 10.Nd4 e5 11.Nxc6 exf4 12.Nd4 g6 13.g3 Bd6 14.Kf2 h5 15.gxf4 Bxf4
16.e3 Be5 17.h4 d5 18.a3 Bd7 19.Bd3 O-O-O 20.Nh3 Ne8 21.Nb5 Bxb5 22.Bxb5 Nd6
23.Bd3 Nc4 24.Rab1 Rhe8 25.Ng5 Re7 26.Bxc4 dxc4 27.Rhd1 Red7 28.Rxd7 Rxd7
29.Ke2 Bf6 30.Rg1 Kc7 31.f4  1/2-1/2

[Event "Asia-ch U20"]
[Site "Vung Tau City"]
[Date "1999.09.22"]
[Round "9"]
[White "Liang Chong"]
[Black "Ahmad, Aziz"]
[Result "1-0"]
[WhiteElo "2412"]
[BlackElo "2327"]

1.d4 Nf6 2.Bg5 Ne4 3.Bf4 c5 4.f3 Qa5+ 5.c3 Nf6 6.d5 Qb6 7.Bc1 g6 8.e4 d6
9.Nd2 Bg7 10.Nc4 Qc7 11.a4 O-O 12.Bg5 h6 13.Be3 Ne8 14.Qd2 Kh7 15.h4 Nd7
16.Nh3 Ne5 17.f4 Ng4 18.h5 gxh5 19.Bd3 f5 20.Nf2 Nef6 21.exf5 b6 22.Nxg4 hxg4
23.Bf2 Ba6 24.Ne3 Bxd3 25.Qxd3 Kg8 26.Bh4 Nh5 27.g3 Qd7 28.Qe2 Nf6 29.Bxf6 exf6
30.Qxg4 Rfe8 31.Kf2 Re4 32.Rxh6 Kf8 33.Rah1 Bxh6 34.Rxh6 Qg7 35.Qh4 Rc8 36.Rh8+ Kf7
37.Qh5+  1-0

[Event "Najdorf mem op"]
[Site "Buenos Aires"]
[Date "1999.09.23"]
[Round "3"]
[White "Hobaica, Juan Pablo"]
[Black "Giardelli, Sergio C"]
[Result "1/2-1/2"]
[WhiteElo "2270"]
[BlackElo "2437"]

1.d4 Nf6 2.Bg5 Ne4 3.Bf4 f5 4.f3 Nf6 5.Nc3 c5 6.d5 Qa5 7.Qd2 Nh5 8.e4 Nxf4
9.Qxf4 g6 10.O-O-O Bg7 11.e5 O-O 12.h4 b5 13.Kb1 b4 14.Nce2 d6 15.e6 c4 16.h5 Be5
17.Qh6 Bg7 18.Qf4 Be5 19.Qxc4 Ba6 20.Qh4 Bf6 21.Qh3 g5 22.Qxf5 Nc6 23.Qe4 Ne5
24.Nd4 Bxf1 25.Rxf1 Nc4 26.Rd1 Rac8 27.Nge2 Rc7 28.Nc6 Qc5 29.Ned4 Rfc8 30.Nb3 Qb5
31.Nbd4 Qc5 32.Nb3  1/2-1/2

[Event "Wch U20"]
[Site "Yerevan"]
[Date "1999.09.28"]
[Round "11"]
[White "Marcelin, Cyril"]
[Black "Chibukhchian, Artur"]
[Result "1/2-1/2"]
[WhiteElo "2395"]
[BlackElo "2413"]

1.d4 Nf6 2.Bg5 Ne4 3.Bf4 d6 4.Nd2 Bf5 5.Nxe4 Bxe4 6.f3 Bg6 7.h4 h6 8.e4 Nd7
9.Qd2 e6 10.Ne2 Be7 11.g3 O-O 12.O-O-O c6 13.Be3 e5 14.h5 Bh7 15.g4 d5 16.exd5 cxd5
17.Ng3 Bf6 18.Bd3 Bxd3 19.Qxd3 exd4 20.Bxd4 Ne5 21.Bxe5 Bxe5 22.Nf5 Qf6 23.Qa3 Rfd8
24.Kb1 Kh7 25.Rhf1 g6 26.hxg6+ fxg6 27.Ne3 d4 28.Nc4 Bf4 29.Rfe1 Rd7 30.Re4 Rad8
31.Qd3 b5 32.Na5 Be3 33.Rf1 Qb6 34.Nb3 a5 35.Re5 Rb7 36.Nc5 Ra7 37.Qe4 Rc8
38.Ne6 Rf7 39.f4 Qb7 40.Qd3 Qg2 41.f5 Rxc2 42.Rxe3 Rxb2+ 43.Kc1 Kg8 44.Rg3 Qh2
45.Rh3 Qg2 46.Rg3 Qh2 47.Rh3 Qg2 48.Rg3  1/2-1/2

[Event "Najdorf mem op"]
[Site "Buenos Aires"]
[Date "1999.09.29"]
[Round "8"]
[White "Mendez, Ernesto"]
[Black "Cativelli, Gerardo"]
[Result "0-1"]
[WhiteElo "2410"]
[BlackElo "2264"]

1.d4 Nf6 2.Bg5 Ne4 3.Bf4 c5 4.f3 Nf6 5.d5 d6 6.Nc3 a6 7.a4 g6 8.e4 Bg7 9.Nge2 O-O
10.Ng3 Ne8 11.Qd2 e5 12.Be3 f5 13.exf5 gxf5 14.f4 Qh4 15.Be2 Nd7 16.O-O e4
17.a5 Ndf6 18.Na4 Ng4 19.Bxg4 Qxg4 20.Nb6 Rb8 21.c3 Qg6 22.Qf2 Nf6 23.h3 Nd7
24.Nc4 b5 25.axb6 Nxb6 26.Nxb6 Rxb6 27.Ra2 Rb8 28.Rd1 Bf6 29.Nf1 Qh5 30.Rd2 Kh8
31.Qe2 Qh6 32.Kh2 Rg8 33.Qd1 Qg7 34.Qh5 Bd8 35.Kg1 a5 36.Ra1 Bd7 37.Qe2 Bb5
38.Qh5 Bd7 39.Qe2 a4 40.Qa6 Bc7 41.Qe2 Rb6 42.Qf2 Bd8 43.Kh1 Bf6 44.Ra3 Rgb8
45.g3 Bb5 46.Nh2 Bd7 47.Ra1 Rb3 48.g4 fxg4 49.hxg4 a3 50.bxa3 Bxc3 51.Rg1 Bxd2
52.Bxd2 Qd4 53.Qe1 e3  0-1

[Event "Najdorf mem op"]
[Site "Buenos Aires"]
[Date "1999.09.30"]
[Round "9"]
[White "Hobaica, Juan Pablo"]
[Black "Mendez, Ernesto"]
[Result "0-1"]
[WhiteElo "2270"]
[BlackElo "2410"]

1.d4 Nf6 2.Bg5 Ne4 3.Bf4 d5 4.e3 Bf5 5.f3 Nd6 6.Bd3 e6 7.Nc3 Bxd3 8.Qxd3 Be7
9.Nge2 Nd7 10.e4 c6 11.Bxd6 Bxd6 12.e5 Be7 13.Nd1 c5 14.c3 Qb6 15.f4 Rc8
16.O-O g6 17.Rb1 cxd4 18.cxd4 Qa6 19.Qxa6 bxa6 20.Ne3 Nb6 21.Rfc1 Kd7 22.Kf2 a5
23.Rxc8 Rxc8 24.Rc1 Rb8 25.Rc2 a4 26.Nc1 Na8 27.Nd3 Nc7 28.Nd1 Nb5 29.Ke3 g5
30.g3 gxf4+ 31.Nxf4 a3 32.Kd3 f6 33.exf6 Bxf6 34.Ne2 Nd6 35.bxa3 Nc4 36.Rc3 Rb1
37.Rc1 Rb6 38.Ne3 Nxa3 39.Rf1 Ke7 40.Nf4 Rc6 41.Ng4 Bh8 42.Re1 Nc2 43.Rb1 Rc7
44.Ne2 Nxd4 45.Nxd4 Bxd4 46.Kxd4 Rc4+ 47.Ke3 Rxg4 48.Rb7+ Kd6 49.Rxa7 Rc4
50.Rxh7 e5 51.Ra7 Rc3+ 52.Kd2 d4 53.Rb7 e4 54.Rb8 e3+ 55.Ke2 Rc2+ 56.Kd1 Rd2+
57.Ke1 Kd5 58.Ra8 Ke4 59.a4 Rb2 60.Kd1 d3 61.Re8+ Kf3 62.Kc1 Rc2+ 63.Kb1 e2
64.a5 Rc6  0-1

[Event "World Cities-ch 2nd"]
[Site "Shenyang"]
[Date "1999.10.06"]
[Round "4"]
[White "Juswanto, Denny"]
[Black "Li Ruofan"]
[Result "1-0"]
[WhiteElo "2465"]
[BlackElo "2262"]

1.d4 Nf6 2.Bg5 Ne4 3.Bf4 c5 4.d5 e6 5.f3 Nf6 6.Nc3 d6 7.e4 exd5 8.exd5 a6
9.a4 Nh5 10.Qe2+ Qe7 11.Bg5 Qxe2+ 12.Ngxe2 h6 13.Be3 Be7 14.O-O-O Nd7 15.g4 Nhf6
16.Ng3 Ne5 17.Be2 Bd7 18.h4 O-O-O 19.g5 Ne8 20.Rde1 hxg5 21.hxg5 Nc7 22.f4 Ng6
23.Bd3 Rxh1 24.Rxh1 b5 25.axb5 axb5 26.Be4 Re8 27.Bd2 Bf8 28.Bf3 Ne7 29.Rh8 b4
30.Nce4 Nexd5 31.f5 Nb6 32.Bh5 Be7 33.Rh7 d5 34.Bxf7 Rf8 35.f6 gxf6 36.gxf6 Bxf6
37.Nxf6 Be6 38.Bxe6+ Nxe6 39.Ngh5 d4 40.Bh6 Rd8 41.Nf4 Nf8 42.Rf7  1-0

[Event "World Cities-ch 2nd"]
[Site "Shenyang"]
[Date "1999.10.06"]
[Round "4"]
[White "Liang Chong"]
[Black "Barus, Cerdas"]
[Result "1-0"]
[WhiteElo "2412"]
[BlackElo "2465"]

1.d4 Nf6 2.Bg5 Ne4 3.Bf4 d5 4.f3 Nf6 5.Nc3 e6 6.e4 Bb4 7.Qd3 O-O 8.Bg5 Be7
9.e5 Nfd7 10.Bxe7 Qxe7 11.f4 c5 12.Nf3 cxd4 13.Nxd4 Nc6 14.O-O-O Nxd4 15.Qxd4 a6
16.Kb1 b5 17.a3 Rb8 18.Qb4 Qd8 19.Qd4 Qa5 20.Na2 Qc7 21.Rd3 a5 22.Rc3 Qd8
23.Rb3 Ba6 24.Nc3 f6 25.exf6 Qxf6 26.Qa7 Rfd8 27.Nxb5 e5 28.fxe5 Nxe5 29.Qd4 a4
30.Re3 Bxb5 31.Qxe5 Qf8 32.Bxb5 Rxb5 33.Rf3 Qc5 34.Re1 h6 35.Rc3 Qf8 36.Rf3 Qc5
37.Rg3 Rb7 38.Rd1 Kh8 39.Qd4 Qa5  1-0

[Event "Tatry op"]
[Site "Tatranska Lomnica"]
[Date "1999.10.06"]
[Round "5"]
[White "Trojacek, Pavel"]
[Black "Kolesar, Milan"]
[Result "1-0"]
[WhiteElo "2156"]
[BlackElo "2197"]

1.d4 Nf6 2.Bg5 Ne4 3.h4 Nxg5 4.hxg5 d5 5.e3 Bf5 6.Bd3 Qd7 7.Nf3 g6 8.Ne5 Qc8
9.Qf3 Qe6 10.Bxf5 gxf5 11.c4 c6 12.cxd5 cxd5 13.Nc3 Nc6 14.Qxd5 Qxd5 15.Nxd5 Nxe5
16.dxe5 O-O-O 17.O-O-O e6 18.Nf6 Rxd1+ 19.Kxd1 h6 20.Ke2 Bg7 21.gxh6 Rxh6
22.Rxh6 Bxh6 23.f4 Bg7 24.Nh5 Bf8 25.Kd3 Bc5 26.e4 fxe4+ 27.Kxe4 Kd8 28.g4 Ke7
29.f5 Kf8 30.b3 a6 31.Nf4 Ke7 32.fxe6 fxe6 33.g5 Bb4 34.g6 b6 35.g7 Kf7 36.Nxe6 a5
37.a4 Kg8 38.Kd5 Kf7 39.Nc7  1-0

[Event "BCF-chT 99/00 (4NCL)"]
[Site "Birmingham"]
[Date "1999.10.09"]
[Round "1"]
[White "Hebden, Mark"]
[Black "Davies, Nigel R"]
[Result "1-0"]
[WhiteElo "2510"]
[BlackElo "2518"]

1.d4 Nf6 2.Bg5 Ne4 3.Bf4 d5 4.e3 g6 5.Bd3 Bg7 6.Nd2 Nxd2 7.Qxd2 Nd7 8.Nf3 O-O
9.O-O c6 10.h3 Nf6 11.c4 Be6 12.Rac1 dxc4 13.Bxc4 Bd5 14.Bxd5 Qxd5 15.Qb4 b6
16.b3 e6 17.Qa4 Rfc8 18.Ne5 c5 19.Qa6 Nd7 20.Rfd1 Nxe5 21.dxe5 Qe4 22.Rd4 Qc6
23.Rd6 Qe8 24.Rcd1 b5 25.Rd7 c4 26.Qxb5 Rab8 27.Qa6 g5 28.Bg3 h5 29.h4 gxh4
30.Bf4 c3 31.Qd3 a5 32.Rd4 Qe7 33.Rc1 Qa3 34.Rc2 Qb2 35.Qe2 Qa3 36.Qxh5 a4
37.Bh6 Bxh6 38.Qxh6 Rb4 39.Rxc3  1-0

[Event "Bundesliga 9900"]
[Site "Germany"]
[Date "1999.10.09"]
[Round "1"]
[White "Schmidt, Bodo"]
[Black "Gustafsson, Jan"]
[Result "1/2-1/2"]
[WhiteElo "2384"]
[BlackElo "2436"]

1.d4 Nf6 2.Bg5 Ne4 3.Bf4 d5 4.e3 c5 5.Bd3 Nf6 6.c3 Nc6 7.h3 Qb6 8.Qc1 g6
9.Nd2 Bg7 10.Ngf3 O-O 11.O-O Nd7 12.Be2 e5 13.dxe5 Ndxe5 14.Nxe5 Nxe5 15.Nf3 Nxf3+
16.Bxf3 Be6 17.Rd1 Rfd8 18.Rd2 Rac8 19.Bg5  1/2-1/2

[Event "EU-ch U20 Girls"]
[Site "Patras"]
[Date "1999.10.09"]
[Round "5"]
[White "Tkeshelashvili, Sofia"]
[Black "Zozulia, Anna"]
[Result "1-0"]
[WhiteElo "2284"]
[BlackElo "2353"]

1.d4 Nf6 2.Bg5 Ne4 3.Bf4 c5 4.f3 Qa5+ 5.c3 Nf6 6.Nd2 cxd4 7.Nb3 Qb6 8.Qxd4 Nc6
9.Qxb6 axb6 10.Be3 b5 11.Nd4 Nxd4 12.Bxd4 b4 13.cxb4 Nd5 14.b5 e5 15.Bxe5 Bb4+
16.Kf2 Bc5+ 17.Kg3 f6 18.e4 h5 19.h4 g5 20.exd5 fxe5 21.Bd3 Rg8 22.hxg5 Rxg5+
23.Kh2 e4 24.Nh3 Bd6+ 25.f4 exd3 26.Nxg5 Bxf4+ 27.Kg1 Bxg5 28.Rxh5 Bf6 29.d6 b6
30.Rf5 Bd4+ 31.Kh2 d2 32.Raf1 Bg7 33.Rg5 d1=Q 34.Rxd1 Kf8 35.Rf1+ Kg8 36.Rf4  1-0

[Event "Tatry op"]
[Site "Tatranska Lomnica"]
[Date "1999.10.10"]
[Round "9"]
[White "Scho, Christian"]
[Black "Vyskocil, Neklan"]
[Result "1/2-1/2"]
[WhiteElo "2180"]
[BlackElo "2291"]

1.d4 Nf6 2.Bg5 Ne4 3.Bf4 d5 4.e3 g6 5.Bd3 Nf6 6.h3 Bg7 7.Nd2 O-O 8.Ngf3 b6
9.c3 Bb7 10.Qb1 Nbd7 11.O-O Re8 12.Bh2 c5 13.a4 Rc8 14.a5 c4 15.Bc2 b5 16.a6 Bc6
17.Rd1 Nb6 18.Ne5 e6 19.Ndf3 Re7 20.Bg3 Nbd7 21.Bh4 Qc7 22.Nxd7 Bxd7 23.Ne5 Ree8
24.Bg3 Qd8 25.Bh4 Qc7 26.Bg3 Nh5 27.Bh2 Qd8 28.g4 Nf6 29.Qa2 Bc6 30.Qa5 Qe7
31.Qa3 Bf8 32.Qxe7 Bxe7 33.Ra5 Bd8 34.Nxc6 Rxc6 35.Rxb5 Rxa6 36.Rb7 h6 37.Be5 Kf8
38.f3 Be7 39.h4 Ra8 40.Bf4 Ng8 41.g5 h5 42.e4 Rb6 43.Rxb6 axb6 44.b3 Ra2
45.Bb1 Ra3 46.bxc4 dxc4 47.Re1 Ke8 48.e5 Bd8 49.d5 exd5 50.e6 Be7 51.exf7+ Kxf7
52.Be5 Bc5+ 53.Kg2 Ne7 54.f4 Nc6 55.Bf6 Be7 56.Bh8 Ra8 57.Be5 Nxe5 58.fxe5 Rg8
59.Bc2 Ke6 60.Rb1 Bc5 61.Rf1 Be7 62.Rb1 Bd8 63.Ba4 Kxe5 64.Re1+ Kd6 65.Re8 Rxe8
66.Bxe8 d4 67.cxd4 Kd5 68.Bxg6 c3 69.Kf3 Kxd4 70.Ke2 Bc7 71.Kd1 Kc4 72.Kc2 Bg3
73.Bxh5 Bxh4 74.g6 Bf6 75.Be2+ Kb4 76.Bg4  1/2-1/2

[Event "Seeburg op 1st"]
[Site "Lucern"]
[Date "1999.10.12"]
[Round "7"]
[White "Rogers, Ian"]
[Black "Zueger, Beat"]
[Result "1/2-1/2"]
[WhiteElo "2574"]
[BlackElo "2434"]

1.d4 Nf6 2.Bg5 Ne4 3.Bf4 d5 4.Nd2 Nxd2 5.Qxd2 Bf5 6.e3 e6 7.Bd3 Bxd3 8.Qxd3 c6
9.Ne2 Nd7 10.O-O Be7 11.c4 O-O 12.cxd5 exd5 13.Qc2 Bg5 14.Rfc1 a5 15.a4 Re8
16.Qb3 Bxf4 17.Nxf4 Nb6 18.Nd3 Re7 19.Ne5 Nd7 20.Nxd7 Qxd7 21.Rc5 Re6  1/2-1/2

[Event "Wichern op 5th"]
[Site "Hamburg"]
[Date "1999.10.17"]
[Round "3"]
[White "Baczinski, Wolfgang"]
[Black "Dolzhikova, Olga"]
[Result "0-1"]
[WhiteElo "2025"]
[BlackElo "2236"]

1.d4 Nf6 2.Bg5 Ne4 3.Bf4 g6 4.f3 Nf6 5.e4 Bg7 6.Ne2 d6 7.Qd2 O-O 8.c4 c6
9.Nbc3 a6 10.a4 a5 11.Nc1 Na6 12.Be2 Nd7 13.O-O e5 14.Be3 Nb4 15.d5 c5 16.Nd3 f5
17.Bg5 Nf6 18.f4 fxe4 19.Bxf6 Bxf6 20.Nxe4 Nxd3 21.Bxd3 exf4 22.Rxf4 Bd4+
23.Kh1 Bf5 24.Raf1 Be5 25.R4f3 Qh4 26.g3 Bxe4 27.gxh4 Bxf3+ 28.Rxf3 Rxf3
29.Be4 Rf4  0-1

[Event "Wichern op 5th"]
[Site "Hamburg"]
[Date "1999.10.18"]
[Round "5"]
[White "Steinbrenner, Juerg"]
[Black "Brustkern, Juergen"]
[Result "0-1"]
[WhiteElo "1902"]
[BlackElo "2286"]

1.d4 Nf6 2.Bg5 Ne4 3.Bh4 g5 4.f3 gxh4 5.fxe4 c5 6.e3 Bh6 7.Bc4 e6 8.Nf3 Bxe3
9.Qe2 cxd4 10.Nbd2 Nc6 11.Rf1 d6 12.O-O-O Rg8 13.Kb1 a6 14.Nb3 b5 15.Bd3 e5
16.h3 Be6 17.c4 Nb4 18.Nfd2 Bxd2 19.Nxd2 Qa5 20.a3 Nxd3 21.Qxd3 Rxg2 22.Rg1 Rg6
23.Rxg6 hxg6 24.Nb3 Qa4 25.Nxd4 exd4 26.Qxd4 Rc8  0-1

[Event "Wichern op 5th"]
[Site "Hamburg"]
[Date "1999.10.18"]
[Round "5"]
[White "Lehmkuhl, Stefan"]
[Black "Wobbe, Sven"]
[Result "0-1"]
[WhiteElo "2044"]
[BlackElo "2214"]

1.d4 Nf6 2.Bg5 Ne4 3.Bh4 g5 4.Qd3 d5 5.f3 gxh4 6.fxe4 dxe4 7.Qxe4 Qd6 8.c3 Qh6
9.Nd2 Bg7 10.Ngf3 Bf6 11.O-O-O c6 12.Qd3 Be6 13.Kb1 Nd7 14.e4 O-O-O 15.c4 Kb8
16.Qa3 Bg4 17.Bd3 Rhg8 18.e5 Bg5 19.Ne4 h3 20.Nexg5 hxg2 21.Rhg1 Rxg5 22.Qxe7 Rgg8
23.Be4 Qf4 24.Bxc6 Bxf3 25.Qd6+ Ka8 26.d5 Nb6 27.Bxb7+ Kxb7 28.Qc6+ Kb8 29.Rc1 Be4+
30.Ka1 Qxc1+  0-1

[Event "ARM-ch"]
[Site "Yerevan"]
[Date "1999.10.19"]
[Round "4"]
[White "Sargissian, Gabriel"]
[Black "Matikozian, Andranik"]
[Result "1/2-1/2"]
[WhiteElo "2470"]
[BlackElo "2427"]

1.d4 Nf6 2.Bg5 Ne4 3.Bf4 d5 4.Nd2 Bf5 5.e3 e6 6.Ne2 Be7 7.Nxe4 Bxe4 8.f3 Bg6
9.Bg3 c5 10.c3 Nc6 11.Nf4 cxd4 12.exd4 Bd6 13.Bb5 a6 14.Bxc6+ bxc6 15.O-O c5
16.c4 dxc4 17.Qa4+ Qd7 18.Qxd7+ Kxd7 19.Rfd1 Ke7 20.Nxg6+ hxg6 21.Bxd6+ Kxd6
22.Rac1 cxd4 23.Rxd4+ Ke7 24.Rdxc4 Rhd8 25.R1c2 Rd6 26.Rc7+ Rd7 27.Kf2 Rb8
28.b3 Rb5 29.R2c6 a5 30.Rxd7+ Kxd7 31.Ra6 Ke7 32.Ke3 Rd5 33.h4 f5 34.f4 Kf6
35.a4 Ke7 36.Ra7+ Kf6 37.Rb7 e5 38.Rb6+ Kf7 39.Rb5 exf4+ 40.Kxf4 Rd4+ 41.Ke3 Rg4
42.Kd3 Rg3+ 43.Kc4 Rg4+ 44.Kc5 Rxg2 45.Rxa5 f4 46.Kd4 f3 47.Ke3 Rb2 48.Kxf3 Rxb3+
49.Kg4 Rb1 50.Ra7+ Kf6 51.Ra6+ Kf7 52.a5 Rb4+ 53.Kg3 Ra4 54.Ra8 Ke7 55.a6 Kf7  1/2-1/2

[Event "Wichern op 5th"]
[Site "Hamburg"]
[Date "1999.10.20"]
[Round "7"]
[White "Lange, Siegfried"]
[Black "Bokelbrink, Uwe"]
[Result "0-1"]
[WhiteElo "2110"]
[BlackElo "2309"]

1.d4 Nf6 2.Bg5 Ne4 3.Bf4 c5 4.f3 Qa5+ 5.c3 Nf6 6.Nd2 cxd4 7.Nb3 Qf5 8.Qxd4 Nc6
9.Qd2 e5 10.Bg5 Be7 11.Bxf6 Qxf6 12.e4 O-O 13.Bc4 Qg6 14.Qf2 d6 15.Ne2 Bd8
16.O-O-O Be6 17.Bxe6 Qxe6 18.Ng3 Ne7 19.Qd2 Bc7 20.Kb1 a5 21.Qd3 a4 22.Nd2 Rfd8
23.Qc4 Qd7 24.a3 b5 25.Qd3 Qc6 26.Ndf1 d5 27.Ne3 d4 28.Nef5 Nxf5 29.Nxf5 Qe8
30.Qd2 h6 31.Qc2 Rac8 32.Qf2 Kh7 33.cxd4 g6 34.Ne3 exd4 35.Nd5 Be5 36.Rc1 Rc4
37.Nb6 Qc6 38.Nxc4 bxc4 39.Qd2 Rb8 40.Rc2 d3 41.Rc3 Bxc3 42.Qxc3 Rb3 43.Qd4 c3
44.Qxd3 Rxb2+ 45.Kc1 Qc5  0-1

[Event "Wch U16"]
[Site "Oropesa del Mar"]
[Date "1999.10.31"]
[Round "7"]
[White "Sagafos, Magne"]
[Black "Acher, Mathieu"]
[Result "0-1"]
[WhiteElo "2052"]
[BlackElo "2219"]

1.d4 Nf6 2.Bg5 Ne4 3.Bf4 d5 4.f3 Nf6 5.c4 c5 6.Nc3 cxd4 7.Nb5 Na6 8.Qxd4 e6
9.O-O-O Bc5 10.Qc3 O-O 11.e3 Bd7 12.Nd4 Bb4 13.Qb3 Qe8 14.Nc2 Ba4 15.Qd3 dxc4
16.Qd4 Bc5 17.Qe5 Bxc2  0-1

[Event "Chigorin mem"]
[Site "St Petersburg"]
[Date "1999.11.04"]
[Round "3"]
[White "Terekhov, Andrey"]
[Black "Varavin, Viktor"]
[Result "1-0"]
[WhiteElo "2316"]
[BlackElo "2402"]

1.d4 Nf6 2.Bg5 Ne4 3.Bf4 c5 4.f3 Qa5+ 5.c3 Nf6 6.Nd2 cxd4 7.Nb3 Qf5 8.Bxb8 Rxb8
9.Qxd4 b6 10.e4 Qf4 11.Nh3 Qc7 12.e5 Ng8 13.O-O-O e6 14.f4 Bb7 15.Rd2 Nh6
16.Bb5 Bc6 17.Qa4 Be7 18.Bxc6 Qxc6 19.Qxc6 dxc6 20.Rhd1 Rb7 21.Nf2 Nf5 22.Ne4 c5
23.Na1 h5 24.Nc2 O-O 25.g3 Kh7 26.h3 Kh6 27.g4 Nh4 28.Ne3 Ng6 29.Ng2 b5 30.Ng3 h4
31.Ne4 c4 32.Rd7 Rfb8 33.Kc2 Nf8 34.Rxb7 Rxb7 35.Nd2 Nd7 36.Nf3 g5 37.fxg5+ Bxg5
38.Re1 Nc5 39.Ngxh4 Nd3 40.Re2 Nf4 41.Rh2 Nd3 42.Ng2 Rd7 43.h4 Bd8 44.Nge1 Bc7
45.Nxd3 Rxd3 46.Rf2 Kg6 47.h5+ Kh6 48.Nd4 Bxe5 49.Nxb5 Rg3 50.Nxa7 Rxg4 51.Nc6 Bf4
52.a4 f5 53.a5 Bg3 54.Re2 f4 55.Rxe6+ Kxh5 56.Ne5 Rg7 57.a6 Rc7 58.Rb6 Bf2
59.Rb7 Rc5 60.a7 Ra5 61.Rb5 Rxa7 62.Nc6+ Kg4 63.Nxa7 Bxa7 64.Rb4 f3 65.Rxc4+ Kg3
66.Rc7 Be3 67.Rg7+ Kf2 68.Kd3 Bf4 69.Rf7 Kg3 70.Ke4  1-0

[Event "Bundesliga 9900"]
[Site "Germany"]
[Date "1999.11.06"]
[Round "3"]
[White "Hodgson, Julian M"]
[Black "Nunn, John DM"]
[Result "1/2-1/2"]
[WhiteElo "2605"]
[BlackElo "2598"]

1.d4 Nf6 2.Bg5 Ne4 3.h4 c5 4.d5 g6 5.Qd3 Nxg5 6.Qc3 f6 7.hxg5 d6 8.gxf6 exf6
9.Nh3 Bh6 10.Qg3 Qb6 11.b3 O-O 12.e3 Nd7 13.Qh4 Qb4+ 14.Qxb4 cxb4 15.a3 Nb6
16.axb4 Nxd5 17.Bc4 Be6 18.Ra5 Nc7 19.Bxe6+ Nxe6 20.Nc3 f5 21.Nd5 f4 22.exf4 Bxf4
23.O-O Be5 24.f4 Bd4+ 25.Kh2 g5 26.f5 b6 27.Ra2 Be5+ 28.g3 Kh8 29.c3 Ng7
30.Kg2 Rxf5 31.Rxf5 Nxf5 32.Nxg5 Bxg3 33.Kh3 h6 34.Ne4 Be5 35.Rf2 Ng7 36.Rf7 Ne6
37.Ndf6 Bxf6 38.Rxf6 Ng5+ 39.Nxg5 hxg5 40.Rxd6 b5 41.Kg4 Rc8 42.Rd3 Kg7 43.Kxg5 Kf7
44.Re3 Rh8 45.c4 bxc4 46.bxc4 Rc8 47.Re4 Rb8 48.c5 Rb5 49.Kf5 a5 50.bxa5 Rxc5+
51.Re5 Rc4 52.Rb5 Ke7 53.Ke5  1/2-1/2

[Event "Chigorin mem"]
[Site "St Petersburg"]
[Date "1999.11.06"]
[Round "5"]
[White "Krasnov, Vasiliy G"]
[Black "Vager, Igor"]
[Result "1-0"]
[WhiteElo "2279"]
[BlackElo "2209"]

1.d4 Nf6 2.Bg5 Ne4 3.Bf4 d5 4.f3 Nf6 5.Nc3 c5 6.e3 a6 7.a3 cxd4 8.exd4 Bf5
9.g4 Bd7 10.Bd3 e6 11.Nge2 Nc6 12.Qd2 b5 13.Qe3 Be7 14.h4 Qb6 15.b4 O-O-O
16.O-O Ne8 17.a4 Nxb4 18.axb5 Bxb5 19.Nxb5 axb5 20.c3 Nxd3 21.Qxd3 Bd6 22.Rfb1 Nc7
23.Be3 Kd7 24.f4 g6 25.f5 Ra8 26.Rxa8 Rxa8 27.fxe6+ fxe6 28.Rf1 Re8 29.h5 gxh5
30.Qxh7+ Re7 31.Qxh5 b4 32.cxb4 Qxb4 33.g5 Ne8 34.g6 Ng7 35.Qh8 Nf5 36.Bg5 Qb3
37.Bxe7 Qe3+ 38.Rf2 Bxe7 39.g7 Bh4 40.Qxh4 Nxh4 41.g8=Q Nf3+ 42.Kg2 Nh4+
43.Kf1 Qh3+ 44.Ke1 Nf3+ 45.Kd1 Qh1+ 46.Kc2 Nxd4+ 47.Nxd4 Qe4+ 48.Kd2 Qxd4+
49.Ke1 Qa1+ 50.Ke2 Qa6+ 51.Kf3 Qd3+ 52.Kg2 Qe4+ 53.Kh2 Qe5+ 54.Qg3 Qh5+ 55.Kg2 Qh7
56.Qg4 Kd6 57.Qf4+ Kc6 58.Ra2 Qg6+ 59.Kf2 Qd3 60.Qa4+  1-0

[Event "World Seniors"]
[Site "Gladenbach GER"]
[Date "1999.11.09"]
[Round "2"]
[White "Chepukaitis,G"]
[Black "Tavcar,R"]
[Result "1-0"]
[WhiteElo "2396"]
[BlackElo "2147"]

1.d4 Nf6 2.Bg5 Ne4 3.Bh4 c5 4.f3 g5 5.fxe4 gxh4 6.e3 Bh6 7.Kf2 Qb6 8.Nc3 Qxb2
9.Nd5 Nc6 10.Rb1 Qa3 11.Rb3 Qa5 12.Rb5 Qd8 13.Rxc5 d6 14.Rb5 e6 15.Nc3 Qf6+
16.Qf3 Bg7 17.Rh5 a6 18.Bd3 Bd7 19.Qxf6 Bxf6 20.Nf3 O-O-O 21.Rh6 Be7 22.Nxh4 Rdg8
23.Nf3 Rg7 24.Rb1 Rg6 25.Rh5 h6 26.g3 Rgg8 27.e5 Be8 28.exd6 Bxd6 29.d5 f5
30.Rh4 Ne5 31.Nxe5 Bxe5 32.dxe6 Rg4 33.Nd5 Rxh4 34.gxh4 Bc6 35.Ne7+ Kc7 36.Ng6 Kd6
37.Nxh8 Bxh8 38.Bxf5  1-0

[Event "ESP-chT Div 1"]
[Site "Cala Galdana"]
[Date "1999.11.11"]
[Round "4"]
[White "Granados Gomez, Manuel"]
[Black "Paramos Dominguez, Roberto"]
[Result "0-1"]
[WhiteElo "2358"]
[BlackElo "2425"]

1.d4 Nf6 2.Bg5 Ne4 3.h4 c5 4.dxc5 Qa5+ 5.Nd2 Nxc5 6.c3 h6 7.Bf4 Nc6 8.e4 Qd8
9.Be3 d6 10.b4 Nd7 11.Be2 Nf6 12.b5 Ne5 13.c4 g6 14.Bd4 Bg7 15.Ngf3 Neg4
16.O-O O-O 17.a4 a6 18.Qc2 Be6 19.Qb2 Qd7 20.Rfd1 Rfc8 21.Bd3 Ne5 22.Bxe5 dxe5
23.Nf1 Qc7 24.Ne3 Nd7 25.Nd5 Bxd5 26.cxd5 a5 27.Nd2 Qc3 28.Qb1 h5 29.Nb3 Bh6
30.Bf1 Qb4 31.Bd3 Rc3 32.Nd2 Nc5 33.Bf1 Bxd2 34.Rxd2 Rb3 35.Qd1 Nxe4 36.Rc2 Nd6
37.Rc7 Rb2 38.Qf3 Qxh4 39.Rac1  0-1

[Event "Masters"]
[Site "Kilkenny IRL"]
[Date "1999.11.27"]
[Round "2"]
[White "Landenberger,M"]
[Black "De Haan,E"]
[Result "1/2-1/2"]
[WhiteElo "2143"]
[BlackElo "2277"]

1.d4 Nf6 2.Bg5 Ne4 3.Bf4 c5 4.f3 Qa5+ 5.c3 Nf6 6.Nd2 cxd4 7.Nb3 Qb6 8.Qxd4 Qxd4
9.cxd4 d5 10.e3 Nc6 11.Rc1 e6 12.Bb5 Bd7 13.a3 Nh5 14.Bg5 h6 15.Bh4 g5 16.Bf2 Bd6
17.Nc5 Rb8 18.Ne2 Nf6 19.Bg3 Bxg3+ 20.hxg3 Ke7 21.Kf2 Ne8 22.g4 Nd6 23.Bd3 b6
24.Nxd7 Kxd7 25.Nc3 Na5 26.Nb5 Nac4 27.Bxc4 Nxc4 28.b3 Nd6 29.Nxd6 Kxd6 30.Ke2 Rbc8
31.Rxc8 Rxc8 32.Kd2 Rh8  1/2-1/2